000
00221nam a2200097Ia 4500
008
190216s9999||||xx |||||||||||||| ||und||
100
_a
Bell E T
245
0
_a
Men Of Mathe Matics Ii
260
_b
Penguin Books
942
_c
BK
999
_c
30405
_d
30405